000 00475nam a2200157 i 4500
001 22220
003 ES-MaACL
005 20230906152642.0
007 t|
008 021129s1976 sp ||||1| spa d
100 1 _aAlfonso Bozzo, Alfonso.
_919861
245 1 4 _aLos partidos políticos y la autonomía en Galicia
_b: 1931-1936 /
_cAlfonso Alfonso Bozzo.
260 _a[Madrid] :
_bAkal,
_c[1976]
300 _a392 p., 8 lám ;
_c18 cm.
852 _aES-MaACL
_jE-10050
_bR.94430
999 _c22220
_d22220